00537nam a2200205Ia 4500008004100000020002200041050001600063050001400079100001800093245003500111245003600146260001600182260002100198260000900219300001600228300002000244300001100264500004100275650001500316160404s9999 xx 000 0 und d a978-971-27-2189-2 aFIL HF 5415 b.L36 2009 aLao, Paulo M. a101 best marketing practices / cPaulo M. Lao, Felix M. Lao, Jr. aPasig City: bAnvil Pub. Inc., c2009 a186 pages : billustrations ; c18 cm. aIncludes bibliographical references. aMarketing.